01476cas a2200277 a 450000500170000000800410001702200140005804001980007204100080027004400080027824500350028624600360032126001080035730000280046531000060049350000220049958000790052165000660060065000780066665000850074471000280082977601150085778000750097278500790104778500720112620180504060934.0891016d19901995ncuqr p o 0 a0eng c0 a1046-7009 aNSDcNSDdNYGdDLCdWAUdHULdDLCdELMdNSTdAGLdNSTdAGLdGUAdNSTdCOOdNSTdNSDdWAUdDLCdIULdAGLdOCLCQdLVBdHLSdNSDdOCLCQdGBVCPdDLCdUKMGBdOCLCOdDLCdOCLCFdOCLCOdL2UdCO-BoIAVH0 aeng axxu00aForest & conservation history.32aForest and conservation history aDurham, NC (EE.UU.) : bForest History Society in association with Duke University Press,cc1990-c1995. bilustraciones ;c28 cm. aq aTitle from cover. aMerged with: Environmental history review, to form: Environmental history.26aBosqueszEstados UnidosxHistoriavPublicaciones periódicas26aCiencias forestaleszEstados UnidosxHistoriavPublicaciones periódicas26aConservación de recursoszEstados UnidosxHistoriavPublicaciones periódicas2 aForest History Society.08iAlso available online:tForest & conservation history (Online)x2325-5803w(DLC) 2007265276w(OCoLC)17529074000tJournal of forest historyx0094-5080w(DLC) 74644094w(OCoLC)179355317tEnvironmental history reviewx1053-4180w(DLC) 91649680w(OCoLC)2219561217tEnvironmental historyx1084-5453w(DLC) 96651273w(OCoLC)33092825